| 000 | 00692nam a2200205Ia 4500 | ||
|---|---|---|---|
| 003 | GCL | ||
| 008 | 140319s9999 xx 000 0 ara d | ||
| 040 |
_aGCL / _cGCL |
||
| 082 | 0 | 4 |
_a863.03 _bس ق |
| 100 | 1 | _aسيندر، رامون خ | |
| 245 | 1 | 0 |
_aقداس من اجل فلاح اسبانى (هدية من الاديب عبدالفتاح الجمل) / _cسيندر، رامون خ |
| 700 | 1 | _aعاصم الباشا | |
| 300 | _a71 ص | ||
| 490 |
_aكتاب _v0 |
||
| 650 | 0 | 4 | _aالادب الاسبانى |
| 650 | 0 | 4 | _aالادب العالمى المترجم |
| 650 | 0 | 4 | _aالادب الاسبانى المترجم |
| 650 | 0 | 4 | _aالقصص الاسبانية |
| 942 |
_2ddc _cBK |
||
| 999 |
_c41177 _d41177 |
||